| 000 | 00465nam a2200181Ia 4500 | ||
|---|---|---|---|
| 003 | OSt | ||
| 005 | 20220527050015.0 | ||
| 008 | 211122s9999||||xx |||||||||||||| ||und|| | ||
| 040 | _cSBCL | ||
| 082 |
_a894.8123 _bNAR-R |
||
| 100 | _aNarayanan, P M | ||
| 245 | 0 | _aRamana Maharshi Paranja Kathakal | |
| 260 |
_bMathrubhumi Books _aKozhikode |
||
| 300 | _a135p. | ||
| 630 | _xGeneral Stack | ||
| 650 |
_aLITERATURE AND RHETORIC _vMALAYALAM STORIES |
||
| 942 | _cBOOK | ||
| 999 |
_c125283 _d125283 |
||